[Event "Kibizov Memorial 2018"]
[Site "?"]
[Date "2018.06.22"]
[Round "2.1"]
[White "Doluhanova, Evgeniya"]
[Black "Petrenko, Svetlana"]
[Result "1-0"]
[BlackElo "2188"]
[WhiteElo "2257"]
[LiveChessVersion "1.4.8"]

1. e4 {[%clk 1:30:57]} g6 {[%clk 1:30:52]} 2. d4 {[%clk 1:31:23]} Bg7
{[%clk 1:31:18]} 3. Nc3 {[%clk 1:31:30]} d6 {[%clk 1:31:36]} 4. Be3
{[%clk 1:31:28]} Nf6 {[%clk 1:31:26]} 5. h4 {[%clk 1:29:05]} c6 {[%clk 1:29:32]}
6. Qd2 {[%clk 1:25:50]} Ng4 {[%clk 1:27:28]} 7. h5 {[%clk 1:24:09]} Nxe3
{[%clk 1:27:32]} 8. Qxe3 {[%clk 1:23:35]} Qb6 {[%clk 1:21:52]} 9. O-O-O
{[%clk 1:22:15]} Be6 {[%clk 1:17:12]} 10. h6 {[%clk 1:19:03]} Bf6
{[%clk 1:07:29]} 11. f4 {[%clk 1:18:47]} O-O {[%clk 0:58:11]} 12. Be2
{[%clk 1:17:42]} c5 {[%clk 0:52:53]} 13. d5 {[%clk 1:05:27]} Bd4 {[%clk 0:50:01]}
14. Qd3 {[%clk 1:05:16]} Bd7 {[%clk 0:48:14]} 15. Nf3 {[%clk 1:05:14]} Bh8
{[%clk 0:47:57]} 16. e5 {[%clk 0:52:25]} Na6 {[%clk 0:39:03]} 17. Qe3
{[%clk 0:48:11]} Rae8 {[%clk 0:35:40]} 18. Nh4 {[%clk 0:39:30]} Nc7
{[%clk 0:28:09]} 19. Qg3 {[%clk 0:37:12]} Nb5 {[%clk 0:15:32]} 20. Bxb5
{[%clk 0:34:36]} Bxb5 {[%clk 0:15:59]} 21. e6 {[%clk 0:34:36]} Qa5
{[%clk 0:09:25]} 22. Nxb5 {[%clk 0:21:18]} Qxb5 {[%clk 0:09:48]} 23. c3
{[%clk 0:21:28]} Qc4 {[%clk 0:08:16]} 24. Rhe1 {[%clk 0:20:49]} Bf6
{[%clk 0:07:36]} 25. exf7+ {[%clk 0:11:33]} Rxf7 {[%clk 0:06:16]} 26. Nxg6
{[%clk 0:11:38]} hxg6 {[%clk 0:06:35]} 27. Qxg6+ {[%clk 0:12:06]} Kf8
{[%clk 0:05:51]} 28. Re4 {[%clk 0:12:29]} Qxa2 {[%clk 0:05:35]} 29. h7
{[%clk 0:12:39]} Bg7 {[%clk 0:05:41]} 30. Qh6 {[%clk 0:12:48]} 1-0

[Event "Kibizov Memorial 2018"]
[Site "?"]
[Date "2018.06.22"]
[Round "2.2"]
[White "Simakova, Elena"]
[Black "Filippova, Darya"]
[Result "0-1"]
[BlackElo "1938"]
[WhiteElo "1953"]
[LiveChessVersion "1.4.8"]

1. e4 {[%clk 1:30:57]} c6 {[%clk 1:30:54]} 2. d4 {[%clk 1:31:22]} d5
{[%clk 1:31:18]} 3. e5 {[%clk 1:31:47]} c5 {[%clk 1:31:41]} 4. dxc5
{[%clk 1:31:53]} Nc6 {[%clk 1:29:56]} 5. Nf3 {[%clk 1:31:42]} e6 {[%clk 1:25:53]}
6. Bd3 {[%clk 1:19:07]} Bxc5 {[%clk 1:24:34]} 7. c3 {[%clk 1:16:21]} Nge7
{[%clk 1:22:08]} 8. O-O {[%clk 1:15:31]} Ng6 {[%clk 1:20:40]} 9. Qe2
{[%clk 1:11:57]} Bd7 {[%clk 1:15:56]} 10. Re1 {[%clk 1:08:50]} a6
{[%clk 1:12:52]} 11. g3 {[%clk 1:04:02]} O-O {[%clk 1:04:39]} 12. Bg5
{[%clk 0:48:53]} Qc7 {[%clk 1:00:08]} 13. Nbd2 {[%clk 0:45:11]} Ba7
{[%clk 0:47:24]} 14. Nb3 {[%clk 0:33:47]} Bb8 {[%clk 0:41:46]} 15. Bxg6
{[%clk 0:18:17]} fxg6 {[%clk 0:41:14]} 16. Nbd4 {[%clk 0:12:01]} Ba7
{[%clk 0:39:06]} 17. Nxc6 {[%clk 0:10:32]} bxc6 {[%clk 0:35:23]} 18. Be7
{[%clk 0:08:39]} Rf7 {[%clk 0:32:53]} 19. Bd6 {[%clk 0:08:51]} Qb7
{[%clk 0:32:21]} 20. c4 {[%clk 0:06:32]} c5 {[%clk 0:31:21]} 21. Rad1
{[%clk 0:03:28]} dxc4 {[%clk 0:25:21]} 22. Ng5 {[%clk 0:03:11]} Rf5
{[%clk 0:25:49]} 23. Ne4 {[%clk 0:01:53]} Bc6 {[%clk 0:24:19]} 24. f4
{[%clk 0:01:02]} Bd5 {[%clk 0:19:17]} 25. Rb1 {[%clk 0:00:51]} c3
{[%clk 0:15:19]} 26. bxc3 {[%clk 0:01:11]} c4+ {[%clk 0:15:33]} 27. Kf1
{[%clk 0:00:38]} Qc6 {[%clk 0:15:39]} 28. Rb2 {[%clk 0:00:39]} h6
{[%clk 0:13:08]} 29. h4 {[%clk 0:00:54]} Rd8 {[%clk 0:11:19]} 30. Qc2
{[%clk 0:00:41]} Rd7 {[%clk 0:05:05]} 31. Re2 {[%clk 0:00:38]} Rdf7
{[%clk 0:04:31]} 32. Ke1 {[%clk 0:00:59]} g5 {[%clk 0:04:20]} 33. hxg5
{[%clk 0:00:56]} hxg5 {[%clk 0:04:34]} 34. Nxg5 {[%clk 0:00:43]} Rxg5
{[%clk 0:04:54]} 35. fxg5 {[%clk 0:00:45]} Rf3 {[%clk 0:03:16]} 36. g6
{[%clk 0:00:33]} Rxg3 {[%clk 0:02:43]} 37. Rf2 {[%clk 0:00:34]} Rg1+
{[%clk 0:02:23]} 38. Kd2 {[%clk 0:00:37]} Bf3 {[%clk 0:02:30]} 39. Bc5
{[%clk 0:00:34]} Qxc5 {[%clk 0:02:12]} 40. Rxf3 {[%clk 0:00:34]} Rg2+
{[%clk 0:02:27]} 41. Kc1 {[%clk 0:00:40]} Rxc2+ {[%clk 0:02:01]} 42. Kxc2
{[%clk 0:01:05]} Qxe5 {[%clk 0:02:08]} 0-1

[Event "Kibizov Memorial 2018"]
[Site "?"]
[Date "2018.06.22"]
[Round "2.3"]
[White "Borsuk, Angela"]
[Black "Grigorieva, Yulia"]
[Result "0-1"]
[BlackElo "2035"]
[WhiteElo "2147"]
[LiveChessVersion "1.4.8"]

1. d4 {[%clk 1:30:58]} Nf6 {[%clk 1:30:53]} 2. c4 {[%clk 1:31:20]} g6
{[%clk 1:31:09]} 3. Nc3 {[%clk 1:31:45]} d5 {[%clk 1:30:16]} 4. Nf3
{[%clk 1:31:41]} Bg7 {[%clk 1:29:24]} 5. Bg5 {[%clk 1:30:57]} Ne4
{[%clk 1:28:31]} 6. cxd5 {[%clk 1:31:10]} Nxg5 {[%clk 1:28:50]} 7. Nxg5
{[%clk 1:31:37]} e6 {[%clk 1:29:00]} 8. Nf3 {[%clk 1:32:03]} exd5
{[%clk 1:29:20]} 9. e3 {[%clk 1:32:12]} O-O {[%clk 1:27:14]} 10. b4
{[%clk 1:30:57]} c6 {[%clk 1:23:36]} 11. Be2 {[%clk 1:30:50]} Nd7
{[%clk 1:20:25]} 12. Qb3 {[%clk 1:29:28]} a6 {[%clk 1:18:03]} 13. a4
{[%clk 1:28:45]} Nf6 {[%clk 1:07:49]} 14. O-O {[%clk 1:28:30]} Re8
{[%clk 1:03:54]} 15. Ne5 {[%clk 1:21:26]} Ne4 {[%clk 0:48:51]} 16. Nd3
{[%clk 1:15:22]} Nd2 {[%clk 0:45:29]} 17. Qb2 {[%clk 1:15:37]} Nxf1
{[%clk 0:44:44]} 18. Bxf1 {[%clk 1:16:03]} Bf8 {[%clk 0:36:19]} 19. Re1
{[%clk 1:14:14]} Bd6 {[%clk 0:31:17]} 20. g3 {[%clk 1:14:17]} Bf5
{[%clk 0:29:27]} 21. a5 {[%clk 1:09:55]} h5 {[%clk 0:23:31]} 22. Na4
{[%clk 1:06:36]} h4 {[%clk 0:19:09]} 23. Nac5 {[%clk 1:05:23]} Qc7
{[%clk 0:14:45]} 24. f4 {[%clk 1:02:24]} hxg3 {[%clk 0:08:55]} 25. hxg3
{[%clk 1:02:44]} Kg7 {[%clk 0:09:00]} 26. Bg2 {[%clk 0:58:08]} Rh8
{[%clk 0:08:24]} 27. e4 {[%clk 0:58:01]} dxe4 {[%clk 0:05:06]} 28. d5+
{[%clk 0:56:27]} f6 {[%clk 0:04:23]} 29. Bxe4 {[%clk 0:56:22]} Bxc5+
{[%clk 0:02:31]} 30. Nxc5 {[%clk 0:54:35]} Rae8 {[%clk 0:02:36]} 31. Qd4
{[%clk 0:49:14]} cxd5 {[%clk 0:01:52]} 32. Qxd5 {[%clk 0:48:37]} Rh5
{[%clk 0:00:58]} 33. Rc1 {[%clk 0:33:51]} Qe7 {[%clk 0:00:53]} 34. Rc4
{[%clk 0:31:25]} Bxe4 {[%clk 0:00:45]} 35. Qxe4 {[%clk 0:31:50]} Qxe4
{[%clk 0:00:46]} 36. Nxe4 {[%clk 0:32:15]} Re7 {[%clk 0:00:44]} 37. Kg2
{[%clk 0:32:23]} Rd5 {[%clk 0:00:44]} 38. g4 {[%clk 0:31:36]} Red7
{[%clk 0:00:43]} 39. Nc5 {[%clk 0:29:57]} Re7 {[%clk 0:00:44]} 40. Kf3
{[%clk 0:29:47]} Kf7 {[%clk 0:00:42]} 41. Na4 {[%clk 0:27:08]} Rd3+
{[%clk 0:00:48]} 42. Kf2 {[%clk 0:27:32]} f5 {[%clk 0:00:40]} 43. gxf5
{[%clk 0:27:37]} gxf5 {[%clk 0:01:05]} 44. Nc5 {[%clk 0:26:55]} Rd6
{[%clk 0:00:56]} 45. Nb3 {[%clk 0:26:29]} Rd3 {[%clk 0:00:42]} 46. Nc5
{[%clk 0:26:01]} Rd2+ {[%clk 0:00:49]} 47. Kf3 {[%clk 0:26:20]} Rde2
{[%clk 0:00:44]} 48. Rc3 {[%clk 0:26:26]} Rb2 {[%clk 0:00:44]} 49. Nd3
{[%clk 0:26:40]} Rb1 {[%clk 0:00:45]} 50. Rc5 {[%clk 0:24:30]} Kf6
{[%clk 0:00:41]} 51. Rd5 {[%clk 0:24:54]} Rf1+ {[%clk 0:00:43]} 52. Kg2
{[%clk 0:25:12]} Rd1 {[%clk 0:00:51]} 53. Rd6+ {[%clk 0:25:25]} Re6
{[%clk 0:00:38]} 54. Rxe6+ {[%clk 0:25:16]} Kxe6 {[%clk 0:01:05]} 55. Nc5+
{[%clk 0:25:40]} Kd5 {[%clk 0:00:49]} 56. Nxb7 {[%clk 0:26:04]} Rb1
{[%clk 0:00:43]} 57. Nc5 {[%clk 0:26:27]} Rxb4 {[%clk 0:01:01]} 58. Nxa6
{[%clk 0:26:54]} Rxf4 {[%clk 0:00:54]} 59. Nc7+ {[%clk 0:26:16]} Kd6
{[%clk 0:00:49]} 60. Nb5+ {[%clk 0:25:26]} Kc6 {[%clk 0:00:47]} 61. Nc3
{[%clk 0:25:47]} Rc4 {[%clk 0:00:45]} 62. Ne2 {[%clk 0:26:12]} Kd6
{[%clk 0:00:42]} 63. Kf3 {[%clk 0:26:33]} Ke5 {[%clk 0:00:47]} 0-1

[Event "Kibizov Memorial 2018"]
[Site "?"]
[Date "2018.06.22"]
[Round "2.4"]
[White "Prudnikova, Svetlana"]
[Black "Eidelson, Rakhil"]
[Result "1/2-1/2"]
[BlackElo "2080"]
[WhiteElo "2252"]
[LiveChessVersion "1.4.8"]

1. Nf3 {[%clk 1:30:57]} Nf6 {[%clk 1:30:55]} 2. c4 {[%clk 1:31:12]} g6
{[%clk 1:31:21]} 3. b3 {[%clk 1:31:10]} Bg7 {[%clk 1:31:44]} 4. Bb2
{[%clk 1:31:33]} d6 {[%clk 1:32:04]} 5. d4 {[%clk 1:30:39]} O-O {[%clk 1:31:50]}
6. g3 {[%clk 1:30:35]} Nbd7 {[%clk 1:30:14]} 7. Bg2 {[%clk 1:30:26]} e5
{[%clk 1:27:21]} 8. dxe5 {[%clk 1:29:59]} Ng4 {[%clk 1:27:35]} 9. O-O
{[%clk 1:28:54]} Ndxe5 {[%clk 1:25:55]} 10. Nxe5 {[%clk 1:21:36]} Nxe5
{[%clk 1:23:24]} 11. Nc3 {[%clk 1:20:59]} Nc6 {[%clk 1:16:55]} 12. Qd2
{[%clk 1:19:04]} Be6 {[%clk 1:00:17]} 13. Rfd1 {[%clk 1:09:39]} Rb8
{[%clk 0:55:07]} 14. Rac1 {[%clk 1:08:35]} Ne7 {[%clk 0:50:08]} 15. Nd5
{[%clk 0:45:28]} Bxb2 {[%clk 0:49:58]} 16. Qxb2 {[%clk 0:45:37]} Nxd5
{[%clk 0:50:03]} 17. cxd5 {[%clk 0:45:38]} Bf5 {[%clk 0:49:12]} 18. Rd4
{[%clk 0:38:03]} Rc8 {[%clk 0:41:38]} 19. Rdc4 {[%clk 0:33:29]} Re8
{[%clk 0:39:24]} 20. e3 {[%clk 0:31:56]} Bd3 {[%clk 0:37:15]} 21. Rb4
{[%clk 0:16:01]} b5 {[%clk 0:32:45]} 22. Rd4 {[%clk 0:11:17]} 1/2-1/2

[Event "Kibizov Memorial 2018"]
[Site "?"]
[Date "2018.06.22"]
[Round "2.5"]
[White "Mukhina, Jana"]
[Black "Denikina, Natalia"]
[Result "1/2-1/2"]
[BlackElo "2161"]
[WhiteElo "2050"]
[LiveChessVersion "1.4.8"]

1. e4 {[%clk 1:30:58]} c5 {[%clk 1:30:55]} 2. Nf3 {[%clk 1:31:25]} e6
{[%clk 1:31:18]} 3. d4 {[%clk 1:31:51]} cxd4 {[%clk 1:31:38]} 4. Nxd4
{[%clk 1:32:19]} a6 {[%clk 1:31:59]} 5. Bd3 {[%clk 1:32:26]} g6 {[%clk 1:28:29]}
6. h4 {[%clk 1:28:35]} Bg7 {[%clk 1:27:56]} 7. c3 {[%clk 1:28:41]} h5
{[%clk 1:18:36]} 8. Qc2 {[%clk 1:15:12]} Nc6 {[%clk 1:03:43]} 9. Be3
{[%clk 1:13:21]} Ne5 {[%clk 1:01:05]} 10. Be2 {[%clk 1:11:20]} Ne7
{[%clk 0:41:15]} 11. f3 {[%clk 1:00:57]} d5 {[%clk 0:34:54]} 12. Nd2
{[%clk 0:58:58]} Qc7 {[%clk 0:31:29]} 13. O-O-O {[%clk 0:47:30]} b5
{[%clk 0:27:08]} 14. Bg5 {[%clk 0:46:52]} Bb7 {[%clk 0:23:31]} 15. N2b3
{[%clk 0:37:50]} Rc8 {[%clk 0:16:26]} 16. Kb1 {[%clk 0:30:31]} Nc4
{[%clk 0:07:15]} 17. Bxc4 {[%clk 0:30:30]} bxc4 {[%clk 0:06:27]} 18. Nc1
{[%clk 0:28:51]} dxe4 {[%clk 0:06:05]} 19. fxe4 {[%clk 0:28:35]} Nc6
{[%clk 0:04:57]} 20. Nce2 {[%clk 0:28:15]} Ne5 {[%clk 0:04:20]} 21. Nf4
{[%clk 0:24:26]} O-O {[%clk 0:04:11]} 22. Rhe1 {[%clk 0:21:27]} Ng4
{[%clk 0:03:13]} 23. Nf3 {[%clk 0:19:28]} Ne5 {[%clk 0:02:56]} 1/2-1/2

[Event "Kibizov Memorial 2018"]
[Site "?"]
[Date "2018.06.22"]
[Round "2.6"]
[White "Smorchkov, Danil"]
[Black "Yumakhuzhin, Vadim"]
[Result "1-0"]
[BlackElo "2221"]
[WhiteElo "2216"]
[LiveChessVersion "1.4.8"]

1. d4 {[%clk 1:30:52]} Nf6 {[%clk 1:30:56]} 2. c4 {[%clk 1:31:00]} g6
{[%clk 1:31:21]} 3. Nc3 {[%clk 1:31:06]} Bg7 {[%clk 1:31:45]} 4. e4
{[%clk 1:31:24]} d6 {[%clk 1:32:11]} 5. Nf3 {[%clk 1:31:38]} O-O {[%clk 1:32:35]}
6. Be2 {[%clk 1:31:58]} e5 {[%clk 1:33:00]} 7. dxe5 {[%clk 1:30:38]} dxe5
{[%clk 1:33:24]} 8. Qxd8 {[%clk 1:30:56]} Rxd8 {[%clk 1:33:48]} 9. Bg5
{[%clk 1:30:58]} Re8 {[%clk 1:31:16]} 10. Nd5 {[%clk 1:29:19]} Nxd5
{[%clk 1:31:38]} 11. cxd5 {[%clk 1:29:29]} c6 {[%clk 1:31:07]} 12. Bc4
{[%clk 1:27:42]} cxd5 {[%clk 1:20:39]} 13. Bxd5 {[%clk 1:27:10]} Nc6
{[%clk 1:21:03]} 14. O-O-O {[%clk 1:19:59]} Bg4 {[%clk 0:59:37]} 15. Kb1
{[%clk 1:11:34]} Rac8 {[%clk 0:56:27]} 16. Rc1 {[%clk 0:59:38]} Be6
{[%clk 0:48:33]} 17. Bxe6 {[%clk 0:43:41]} Rxe6 {[%clk 0:43:25]} 18. Rhd1
{[%clk 0:43:40]} f6 {[%clk 0:32:26]} 19. Be3 {[%clk 0:35:56]} Bf8
{[%clk 0:30:55]} 20. Rd7 {[%clk 0:26:56]} Re7 {[%clk 0:30:10]} 21. Rcd1
{[%clk 0:27:07]} Rc7 {[%clk 0:29:10]} 22. R7d5 {[%clk 0:24:27]} b6
{[%clk 0:27:15]} 23. g4 {[%clk 0:22:11]} Kf7 {[%clk 0:21:24]} 24. a3
{[%clk 0:18:24]} g5 {[%clk 0:16:37]} 25. b4 {[%clk 0:13:37]} Ke8 {[%clk 0:10:17]}
26. Rc1 {[%clk 0:08:11]} Red7 {[%clk 0:06:20]} 27. h4 {[%clk 0:06:06]} h6
{[%clk 0:06:34]} 28. h5 {[%clk 0:04:59]} Ne7 {[%clk 0:04:28]} 29. Rxc7
{[%clk 0:04:37]} Rxc7 {[%clk 0:04:53]} 30. Rd6 {[%clk 0:04:49]} Kf7
{[%clk 0:03:57]} 31. Rd8 {[%clk 0:04:37]} Nc8 {[%clk 0:02:43]} 32. Kb2
{[%clk 0:03:05]} Nd6 {[%clk 0:01:09]} 33. Nd2 {[%clk 0:03:16]} Be7
{[%clk 0:01:13]} 34. Ra8 {[%clk 0:02:49]} Nc8 {[%clk 0:00:56]} 35. Nb1
{[%clk 0:02:25]} Ke6 {[%clk 0:00:44]} 36. Nc3 {[%clk 0:02:47]} Kd7
{[%clk 0:00:37]} 37. Nd5 {[%clk 0:03:10]} Bd8 {[%clk 0:00:43]} 38. a4
{[%clk 0:01:12]} Rb7 {[%clk 0:00:42]} 39. Kb3 {[%clk 0:01:14]} Nd6
{[%clk 0:00:39]} 40. f3 {[%clk 0:01:34]} Ne8 {[%clk 0:00:56]} 41. b5
{[%clk 0:00:42]} Nc7 {[%clk 0:01:16]} 42. Nxc7 {[%clk 0:01:07]} Rxc7
{[%clk 0:01:22]} 43. a5 {[%clk 0:01:19]} Rb7 {[%clk 0:00:45]} 44. a6
{[%clk 0:00:38]} Rc7 {[%clk 0:01:07]} 45. Bxb6 {[%clk 0:00:50]} axb6
{[%clk 0:01:19]} 46. a7 {[%clk 0:01:18]} Ke6 {[%clk 0:01:03]} 47. Rxd8
{[%clk 0:01:43]} Rxa7 {[%clk 0:01:27]} 48. Rb8 {[%clk 0:01:52]} Ra1
{[%clk 0:01:40]} 49. Rxb6+ {[%clk 0:02:16]} Kf7 {[%clk 0:02:03]} 50. Rc6
{[%clk 0:02:10]} Rf1 {[%clk 0:01:46]} 51. Rc3 {[%clk 0:02:35]} Ke7
{[%clk 0:02:03]} 52. Rd3 {[%clk 0:03:00]} Rb1+ {[%clk 0:01:44]} 53. Kc4
{[%clk 0:03:25]} Rc1+ {[%clk 0:01:21]} 54. Kb4 {[%clk 0:03:51]} Rb1+
{[%clk 0:01:13]} 55. Kc5 {[%clk 0:04:16]} Rc1+ {[%clk 0:01:07]} 56. Kb6
{[%clk 0:04:33]} Rc4 {[%clk 0:01:14]} 57. Ka6 {[%clk 0:04:56]} Ra4+
{[%clk 0:01:33]} 58. Kb7 {[%clk 0:05:21]} Rd4 {[%clk 0:01:58]} 59. Rc3
{[%clk 0:05:48]} Kd8 {[%clk 0:01:58]} 60. b6 {[%clk 0:06:13]} 1-0

[Event "Kibizov Memorial 2018"]
[Site "?"]
[Date "2018.06.22"]
[Round "2.8"]
[White "Matsenko, Andrei"]
[Black "Berzinsh, Roland"]
[Result "1/2-1/2"]
[BlackElo "2410"]
[WhiteElo "2299"]
[LiveChessVersion "1.4.8"]

1. Nf3 {[%clk 1:30:53]} d5 {[%clk 1:30:28]} 2. g3 {[%clk 1:31:12]} c5
{[%clk 1:30:11]} 3. Bg2 {[%clk 1:31:04]} Nf6 {[%clk 1:29:20]} 4. O-O
{[%clk 1:31:22]} e6 {[%clk 1:29:46]} 5. c4 {[%clk 1:28:39]} d4 {[%clk 1:29:16]}
6. e3 {[%clk 1:27:52]} Nc6 {[%clk 1:29:33]} 7. exd4 {[%clk 1:28:11]} cxd4
{[%clk 1:29:37]} 8. d3 {[%clk 1:27:36]} Bd6 {[%clk 1:25:51]} 9. Bg5
{[%clk 1:27:02]} h6 {[%clk 1:26:13]} 10. Bxf6 {[%clk 1:27:22]} Qxf6
{[%clk 1:26:34]} 11. Nbd2 {[%clk 1:27:41]} Qd8 {[%clk 1:26:57]} 12. a3
{[%clk 1:05:55]} a5 {[%clk 1:26:44]} 13. Rc1 {[%clk 1:04:00]} O-O
{[%clk 1:26:39]} 14. c5 {[%clk 1:02:46]} Be7 {[%clk 1:26:39]} 15. Re1
{[%clk 1:02:55]} Bd7 {[%clk 1:08:33]} 16. Rc4 {[%clk 0:54:56]} b5
{[%clk 1:06:28]} 17. cxb6 {[%clk 0:48:28]} Qxb6 {[%clk 1:05:46]} 18. Qc2
{[%clk 0:36:53]} Rfb8 {[%clk 0:37:20]} 19. Ne4 {[%clk 0:22:18]} Ra6
{[%clk 0:35:43]} 20. Re2 {[%clk 0:19:11]} Qa7 {[%clk 0:28:13]} 21. Qc1
{[%clk 0:17:07]} Rb5 {[%clk 0:17:02]} 22. Rec2 {[%clk 0:16:10]} Qb6
{[%clk 0:17:03]} 23. Nc5 {[%clk 0:13:47]} Bxc5 {[%clk 0:16:44]} 24. Rxc5
{[%clk 0:14:15]} a4 {[%clk 0:16:16]} 25. h4 {[%clk 0:11:17]} Rxc5
{[%clk 0:10:46]} 26. Rxc5 {[%clk 0:11:45]} Ra7 {[%clk 0:04:53]} 27. Nd2
{[%clk 0:09:23]} Na5 {[%clk 0:04:08]} 28. g4 {[%clk 0:06:43]} Kf8
{[%clk 0:04:12]} 29. g5 {[%clk 0:06:43]} hxg5 {[%clk 0:04:26]} 30. hxg5
{[%clk 0:07:04]} Ke7 {[%clk 0:04:42]} 31. Be4 {[%clk 0:06:25]} Kd8
{[%clk 0:04:25]} 32. Rc2 {[%clk 0:05:58]} Rc7 {[%clk 0:04:11]} 33. Nc4
{[%clk 0:01:57]} Nxc4 {[%clk 0:04:27]} 34. Rxc4 {[%clk 0:01:36]} Rxc4
{[%clk 0:04:13]} 35. Qxc4 {[%clk 0:01:42]} f5 {[%clk 0:03:43]} 36. gxf6
{[%clk 0:01:29]} gxf6 {[%clk 0:04:12]} 37. Qc1 {[%clk 0:01:05]} Qb3
{[%clk 0:03:16]} 38. Qh6 {[%clk 0:01:04]} f5 {[%clk 0:01:03]} 39. Qf8+
{[%clk 0:01:24]} Kc7 {[%clk 0:01:13]} 40. Qc5+ {[%clk 0:01:51]} Kd8
{[%clk 0:01:24]} 41. Qf8+ 1/2-1/2

[Event "Kibizov Memorial 2018"]
[Site "?"]
[Date "2018.06.22"]
[Round "2.9"]
[White "Sitnikov, Anton"]
[Black "Remizov, Yaroslav"]
[Result "1-0"]
[BlackElo "2308"]
[WhiteElo "2436"]
[LiveChessVersion "1.4.8"]

1. b4 {[%clk 1:30:00]} e5 {[%clk 1:27:36]} 2. Bb2 {[%clk 1:30:16]} Bxb4
{[%clk 1:26:28]} 3. Bxe5 {[%clk 1:30:36]} Nf6 {[%clk 1:26:55]} 4. e3
{[%clk 1:30:54]} Nc6 {[%clk 1:20:00]} 5. Bb2 {[%clk 1:31:11]} O-O
{[%clk 1:18:08]} 6. c4 {[%clk 1:15:01]} d5 {[%clk 1:11:01]} 7. Nf3
{[%clk 1:09:59]} Bg4 {[%clk 1:07:27]} 8. cxd5 {[%clk 1:08:26]} Nxd5
{[%clk 1:04:39]} 9. Be2 {[%clk 1:06:08]} Qd7 {[%clk 1:00:54]} 10. O-O
{[%clk 1:05:29]} Rfe8 {[%clk 0:55:51]} 11. Na3 {[%clk 0:57:21]} Rad8
{[%clk 0:47:14]} 12. Rc1 {[%clk 0:45:35]} Qe7 {[%clk 0:42:51]} 13. Nc2
{[%clk 0:37:13]} Nf4 {[%clk 0:40:41]} 14. Nxb4 {[%clk 0:25:23]} Qxb4
{[%clk 0:26:20]} 15. Bc3 {[%clk 0:20:01]} Qe4 {[%clk 0:18:07]} 16. h3
{[%clk 0:16:25]} Nxe2+ {[%clk 0:11:57]} 17. Qxe2 {[%clk 0:16:49]} Bxf3
{[%clk 0:11:59]} 18. Qxf3 {[%clk 0:17:06]} Qxf3 {[%clk 0:12:27]} 19. gxf3
{[%clk 0:17:27]} Ne7 {[%clk 0:09:28]} 20. Bd4 {[%clk 0:15:58]} Nc6
{[%clk 0:08:50]} 21. Bc3 {[%clk 0:16:19]} Ne7 {[%clk 0:09:20]} 22. d4
{[%clk 0:05:46]} f5 {[%clk 0:06:54]} 23. Ba5 {[%clk 0:02:25]} b6 {[%clk 0:07:13]}
24. Bb4 {[%clk 0:02:48]} Nd5 {[%clk 0:03:37]} 25. Ba3 {[%clk 0:03:16]} Re6
{[%clk 0:02:34]} 26. Kh2 {[%clk 0:02:56]} Kf7 {[%clk 0:02:41]} 27. Rc2
{[%clk 0:02:44]} Rd7 {[%clk 0:02:16]} 28. Rfc1 {[%clk 0:02:50]} a5
{[%clk 0:02:05]} 29. Rc6 {[%clk 0:01:46]} Rxc6 {[%clk 0:01:39]} 30. Rxc6
{[%clk 0:02:13]} b5 {[%clk 0:00:35]} 31. Rc5 {[%clk 0:00:33]} b4 {[%clk 0:00:45]}
32. Bb2 {[%clk 0:00:48]} a4 {[%clk 0:00:43]} 33. Rc4 {[%clk 0:00:37]} b3
{[%clk 0:00:31]} 34. Rxa4 {[%clk 0:00:41]} Nb6 {[%clk 0:00:44]} 35. Ra3
{[%clk 0:00:39]} bxa2 {[%clk 0:00:56]} 36. Rxa2 {[%clk 0:01:07]} Ke6
{[%clk 0:01:11]} 37. Kg3 {[%clk 0:01:10]} g5 {[%clk 0:01:02]} 38. e4
{[%clk 0:00:35]} c6 {[%clk 0:00:37]} 39. Ra6 {[%clk 0:00:32]} Rb7
{[%clk 0:00:45]} 40. d5+ {[%clk 0:00:50]} Kd6 {[%clk 0:00:38]} 41. dxc6
{[%clk 0:01:12]} Kxc6 {[%clk 0:00:39]} 42. Bd4 {[%clk 0:01:39]} h5
{[%clk 0:00:57]} 43. exf5 Kd5 1-0

[Event "Kibizov Memorial 2018"]
[Site "?"]
[Date "2018.06.22"]
[Round "2.10"]
[White "Tologontegin, Semetey"]
[Black "Nugumanov, Bakhtiyar"]
[Result "1-0"]
[BlackElo "2413"]
[WhiteElo "2398"]
[LiveChessVersion "1.4.8"]

1. d4 {[%clk 1:30:57]} Nf6 {[%clk 1:30:26]} 2. Nf3 {[%clk 1:31:05]} g6
{[%clk 1:28:59]} 3. g3 {[%clk 1:30:51]} Bg7 {[%clk 1:29:16]} 4. Bg2
{[%clk 1:31:15]} O-O {[%clk 1:29:34]} 5. O-O {[%clk 1:31:38]} d6 {[%clk 1:29:00]}
6. b3 {[%clk 1:31:59]} Nc6 {[%clk 1:27:22]} 7. Bb2 {[%clk 1:31:32]} e5
{[%clk 1:26:34]} 8. dxe5 {[%clk 1:30:01]} Ng4 {[%clk 1:26:17]} 9. c4
{[%clk 1:25:39]} Re8 {[%clk 1:24:33]} 10. Nc3 {[%clk 1:22:03]} Ngxe5
{[%clk 1:23:15]} 11. Qd2 {[%clk 1:21:22]} a5 {[%clk 1:21:30]} 12. Rad1
{[%clk 1:20:05]} a4 {[%clk 1:07:13]} 13. Nxe5 {[%clk 1:05:50]} Nxe5
{[%clk 1:07:30]} 14. c5 {[%clk 1:03:27]} axb3 {[%clk 1:05:36]} 15. axb3
{[%clk 1:03:15]} Be6 {[%clk 1:03:56]} 16. Qc2 {[%clk 0:50:10]} Qb8
{[%clk 1:03:10]} 17. cxd6 {[%clk 0:45:06]} cxd6 {[%clk 1:03:31]} 18. Rd2
{[%clk 0:44:51]} Ra6 {[%clk 0:59:07]} 19. Nd5 {[%clk 0:31:05]} Bxd5
{[%clk 0:49:54]} 20. Bxd5 {[%clk 0:30:42]} Rc8 {[%clk 0:47:44]} 21. Qe4
{[%clk 0:27:33]} Re8 {[%clk 0:43:59]} 22. Qf4 {[%clk 0:21:12]} Re7
{[%clk 0:38:46]} 23. Rc1 {[%clk 0:14:26]} Qd8 {[%clk 0:27:09]} 24. Rdc2
{[%clk 0:10:44]} Ra8 {[%clk 0:24:53]} 25. Kg2 {[%clk 0:07:21]} h5
{[%clk 0:22:23]} 26. Qd4 {[%clk 0:06:59]} Bf6 {[%clk 0:21:10]} 27. Qe4
{[%clk 0:05:50]} Kh7 {[%clk 0:18:14]} 28. Bxb7 {[%clk 0:04:02]} Ra5
{[%clk 0:13:27]} 29. Qb4 {[%clk 0:02:25]} Ra2 {[%clk 0:12:17]} 30. Bxe5
{[%clk 0:01:42]} Rxc2 {[%clk 0:12:34]} 31. Rxc2 {[%clk 0:02:06]} Bxe5
{[%clk 0:11:21]} 32. Bd5 {[%clk 0:02:09]} Kg7 {[%clk 0:10:49]} 33. Rc6
{[%clk 0:02:20]} Rd7 {[%clk 0:09:42]} 34. Qc4 {[%clk 0:02:26]} Qf6
{[%clk 0:07:52]} 35. h4 {[%clk 0:01:49]} Re7 {[%clk 0:06:01]} 36. e3
{[%clk 0:01:20]} Qf5 {[%clk 0:05:12]} 37. b4 {[%clk 0:01:28]} g5 {[%clk 0:03:41]}
38. hxg5 {[%clk 0:01:29]} Bb2 {[%clk 0:02:09]} 39. b5 {[%clk 0:01:24]} Qxg5
{[%clk 0:02:13]} 40. b6 {[%clk 0:00:42]} h4 {[%clk 0:01:32]} 41. Rc7
{[%clk 0:00:51]} hxg3 {[%clk 0:01:31]} 42. Rxe7 {[%clk 0:01:07]} gxf2+
{[%clk 0:01:49]} 43. Kxf2 {[%clk 0:01:34]} Qxe7 {[%clk 0:02:13]} 44. b7
{[%clk 0:01:50]} Qd8 {[%clk 0:01:47]} 45. Qb4 {[%clk 0:01:17]} 1-0